Významné druhy vtáctva Chránené vtáčie územie Trnavské rybníky : Chránené vtáčie územie Úľanská mokraď

Bibliographic Details
Main Author: Doibšovič, Ján (Author)
Other Authors: Benko, Štefan (Photographer)
Format: Article
Language:Slovak
PhysicalDescription:Fotogr.
ISSN:0323-0643
Subjects:

MARC

LEADER 00000nab a2200000 a 4500
001 vtls010254089
003 SK-MaSNL
005 20260304183622.0
008 25070827c2006 xo o e slol
035 |a SVKKK000081624 
035 |a urn:nbn:sk:snk-ab2wbm 
035 |a (urnnbn)urn:nbn:sk:snk:ar-a0311o 
035 |a (uuid)4b535cb8-9e50-4b23-a2d8-2f2786905775 
038 |a SVKKK 
040 |a SNKBUCL  |b slo  |c SNKBUCL  |e AACR2 
041 0 |a slo 
044 |a xo  |c SK 
080 |a 502.74(437.6)  |2 1997 
080 |a 598.2:502.74(437.6)  |2 1997 
100 1 |a Doibšovič, Ján  |4 aut  |9 1515758 
245 1 0 |a Významné druhy vtáctva  |b Chránené vtáčie územie Trnavské rybníky : Chránené vtáčie územie Úľanská mokraď  |c Ján Dobšovič ; Štefan Benko, Alfréd Trnka 
300 |b Fotogr. 
650 0 7 |a chránené vtáčie územia  |2 snkbucl  |9 79107 
651 7 |a Chránené vtáčie územie Trnavské rybníky (Slovensko)  |x vtáky  |x druhy  |x ochrana  |2 snkbucl  |9 1515759 
651 7 |a Chránené vtáčie územie Úľanská mokraď (Slovensko)  |x vtáky  |x druhy  |x ochrana  |2 snkbucl  |9 1515760 
700 1 |a Benko, Štefan  |4 pht  |9 326762 
773 0 |t Krásy Slovenska  |g Roč. 83, č. 9-10(2006), s. 32-33  |x 0323-0643 
850 |a Slovenská národná knižnica 
852 |a Slovenská národná knižnica 
954 |a odborná, vedecká literatúra pôvodná (slovenská)  |2 lita 
958 |a article27 
958 |a OND 
958 |a EUIPO 
999 |c 3035381  |d 3037311